Statistics for Serie A Scorers 2013-2014

Click here to take the quiz!

General Stats

  • This quiz has been taken 334 times
  • The average score is 6 of 12

Answer Stats

RankGoalsPlayer% Correct
319Carlos Tevez
80%
517Gonzalo Higuain
75%
122Ciro Immobile
69%
417Antonio Di Natale
65%
220Luca Toni
57%
916Fernando Llorente
51%
617Rodrigo Palacio
45%
716Giuseppe Rossi
36%
1215Jose Callejon
30%
1115Alberto Gilardino
29%
816Domenico Berardi
26%
1015Sergio Paulinho
8%

Score Distribution

Percentile by Number Answered

Percent of People with Each Score

Your Score History

You have not taken this quiz